000 00806nam a2200253Ia 4500
003 OSt
005 20221005091032.0
006 a|||||r|||| 00| 0
007 ta
008 221004b |||||||| |||| 00| 0 eng d
020 _a9780198297475 (hbk)
_c3753
024 _a94944
037 _b379, 09/01/2009, Bhartiya Sahitya Bhawan
_cTextual
040 _aCRL
_cCRL
_beng
041 _2eng
_aeng
082 _aW:58(Z), P8
100 _aChristiano Thomas
_9412089
245 0 _aConstitution of equality
_b Democratic authortic and its limits
260 _aNew York
_bOxford University Press U.S.A
_c2008
300 _a305p.
_ccm.
650 _aPOLITICAL SCIENCE
942 _hW:58(Z), P8
_cTEXL
_2cc
999 _c996726
_d996726